000 00849nam a2200277 a 4500
003 DO-SdBNP
005 20240306172149.0
007 ta
008 230222e1986 sp ||||gr|||| 001 fdspa d
020 _a8401380111
040 _aDO-SdBNP
_bspa
_cBNPHU
082 4 _aCh863.44
_bA432c, 1986
_222
100 1 _aAllende, Isabel,
_d1942-
_924166
245 1 3 _aLa casa de los espíritus /
_bIsabel Allende.
246 1 4 _aLa casa de los espíritus :
_bnovela
250 _a19a. ed.
260 _aBarcelona :
_bPlaza & Llanes,
_c1986
300 _a380 p. ;
_c21 cm.
490 _aLiteraria
500 _aIncluye datos biográficos de la autora en las solapas de las cubiertas.
590 _aInventariado 2023 / MF
650 4 _aNovela chilena
_93163
650 4 _2Literatura chilena
910 _aValidado. Control de calidad MFF
942 _2ddc
_cLBS1
999 _c53136
_d53136